Consumer Law and Economics
Gespeichert in:
| Weitere Verfasser: | , |
|---|---|
| Format: | Buch |
| Sprache: | Englisch |
| Veröffentlicht: |
Cham
Springer Nature Switzerland
2021
|
| Schlagworte: | |
| Tags: |
Keine Tags, Fügen Sie das erste Tag hinzu!
|
MARC
| LEADER | 00000nam a2200000 4500 | ||
|---|---|---|---|
| 001 | 0279796 | ||
| 005 | 20240416114143.2 | ||
| 020 | |a 978-3-030-49027-0 | ||
| 041 | 0 | |a eng | |
| 044 | |a CH | ||
| 245 | 1 | 0 | |a Consumer Law and Economics |c Editors: Klaus Mathis, Avishalom Tor |
| 264 | 1 | |a Cham |b Springer Nature Switzerland |c 2021 | |
| 300 | |a 326 s. | ||
| 610 | 2 | 0 | |a právo spotrebiteľské |
| 610 | 2 | 0 | |a právo občianske |
| 610 | 2 | 0 | |a ekonómia |
| 610 | 2 | 0 | |a ochrana spotrebiteľa |
| 610 | 2 | 0 | |a regulácia |
| 610 | 2 | 0 | |a transparentnosť |
| 610 | 2 | 0 | |a zmluvy |
| 610 | 2 | 0 | |a ochrana dát |
| 700 | 1 | |a Mathis, Klaus | |
| 700 | 1 | |a Tor, Avishalom | |